Estatísticas para Afeganistão

Clique aqui para jogar o quiz

Estatísticas Gerais

  • Esse quiz foi jogado 8 vezes
  • A pontuação média é 7 de 15

Estatísticas das Respostas

HintResposta% Correto
Em que continente fica?Ásia
100%
Com quantos países faz fronteira?6
88%
Qual é a sua capital?Cabul
88%
Contra que país se deu esse atentado?Estados Unidos
75%
Qual é a sua religião!Islamismo
63%
Em que ano começou a guerra dos vinte anos no Afeganistão?2001
50%
Em que ano acabou a guerra?2021
50%
Quais as cores da bandeira?Vermelho,verde e preto
50%
Qual o atentado que ficaram conhecidos em 2001?11 de setembro de 2001
38%
Qual é o seu código ISO?AFG
38%
Qual é o principal setor do mercado Afeganistão?Agricultura
25%
Como se chama a sua moeda?Afegane
13%
Como se chamava o presidente eleito em 2014?Ashraf Ghani
0%
O que está no centro da bandeira?Mesquita
0%
Qual o ponto mais alto do país?Noshaq
0%

Distribuição das Pontuações

Percentil de Números Respondidos

Porcentagem de Pessoas com Cada Pontuação

Sua Pontuação Histórica

Você não jogou esse quiz